Statistics for How many encanto characters do you know?

Click here to take the quiz!

General Stats

  • This quiz has been taken 125 times
  • The average score is 10 of 15

Answer Stats

HintAnswer% Correct
MMirabel
99%
IIsabella
93%
CCamillo
92%
LLuisa
92%
AAbuela
91%
DDolores
91%
PPepa
90%
A
Antonio
88%
FFelix
82%
JJulieta
82%
BBruno
81%
AAgustine
18%
FFish lady
14%
BBald guy
6%
EErnando
3%

Score Distribution

Percentile by Number Answered

Percent of People with Each Score

Your Score History

You have not taken this quiz